<?xml version="1.0" encoding="UTF-8"?>
<record
    xmlns:xsi="http://www.w3.org/2001/XMLSchema-instance"
    xsi:schemaLocation="http://www.loc.gov/MARC21/slim http://www.loc.gov/standards/marcxml/schema/MARC21slim.xsd"
    xmlns="http://www.loc.gov/MARC21/slim">

  <leader>00888nam a2200193 a 4500</leader>
  <controlfield tag="001">BRCA_501</controlfield>
  <controlfield tag="005">20190320203033.0</controlfield>
  <controlfield tag="008">110408s2007----mx-a---###---#000-0#spa-#</controlfield>
  <datafield tag="050" ind1=" " ind2="4">
    <subfield code="a">NK4340.T3</subfield>
    <subfield code="b">.A43 2007</subfield>
  </datafield>
  <datafield tag="245" ind1="1" ind2="0">
    <subfield code="a">Alarca</subfield>
    <subfield code="b">talavera contempor&#xE1;nea : cer&#xE1;mica esmalteada.</subfield>
  </datafield>
  <datafield tag="260" ind1=" " ind2=" ">
    <subfield code="a">M&#xE9;xico</subfield>
    <subfield code="b">Museo Franz Mayer : Talavera de la Reina</subfield>
    <subfield code="c">2007</subfield>
  </datafield>
  <datafield tag="300" ind1=" " ind2=" ">
    <subfield code="a">37 p.</subfield>
    <subfield code="b">il. a color, fotograf&#xED;as</subfield>
    <subfield code="c">21 cm.</subfield>
  </datafield>
  <datafield tag="500" ind1=" " ind2=" ">
    <subfield code="a">Cat&#xE1;logo de la exposici&#xF3;n realizada en el Museo Franz Mayer (Ciudad de M&#xE9;xico), 19 julio-30 septiembre, 2007</subfield>
  </datafield>
  <datafield tag="520" ind1="3" ind2=" ">
    <subfield code="a">Re&#xFA;ne piezas de artistas como Juan Soriano, Francisco Toledo, Vicente Rojo, Javier Mar&#xED;n y Gustavo P&#xE9;rez</subfield>
  </datafield>
  <datafield tag="610" ind1="2" ind2="4">
    <subfield code="a">Talavera de la Reina</subfield>
    <subfield code="x">Talleres de alfarer&#xED;a</subfield>
    <subfield code="y">Siglo XX</subfield>
    <subfield code="z">Puebla (M&#xE9;xico)</subfield>
    <subfield code="9">1724</subfield>
  </datafield>
  <datafield tag="650" ind1="1" ind2="4">
    <subfield code="a">Alarca</subfield>
    <subfield code="v">Exposiciones colectivas</subfield>
    <subfield code="x">Talavera</subfield>
    <subfield code="9">1725</subfield>
  </datafield>
  <datafield tag="650" ind1="1" ind2="4">
    <subfield code="a">Cer&#xE1;mica esmaltada</subfield>
    <subfield code="x">Artistas</subfield>
    <subfield code="y">Siglo XX</subfield>
    <subfield code="9">1726</subfield>
  </datafield>
  <datafield tag="942" ind1=" " ind2=" ">
    <subfield code="2">lcc</subfield>
    <subfield code="c">B</subfield>
  </datafield>
  <datafield tag="999" ind1=" " ind2=" ">
    <subfield code="c">434</subfield>
    <subfield code="d">434</subfield>
  </datafield>
  <datafield tag="952" ind1=" " ind2=" ">
    <subfield code="0">0</subfield>
    <subfield code="1">0</subfield>
    <subfield code="4">0</subfield>
    <subfield code="7">0</subfield>
    <subfield code="a">BRCA</subfield>
    <subfield code="b">BRCA</subfield>
    <subfield code="d">2008-06-25</subfield>
    <subfield code="l">0</subfield>
    <subfield code="o">NK4340.T3 .A43 2007</subfield>
    <subfield code="p">00801</subfield>
    <subfield code="r">2019-03-22 00:00:00</subfield>
    <subfield code="w">2019-03-22</subfield>
    <subfield code="y">B</subfield>
  </datafield>
</record>
